000 00618nam a22001697a 4500
003 OSt
005 20171010095527.0
008 121004t xxu||||| |||| 00| 0 eng d
040 _aMMSU
_cULS
100 _aSemanero, Elma A.
_913102
245 _aPesticide residue monitoring on vegetable sold in Batac Public Market, Batac City
_cElma A. Semanero
260 _c2008
300 _a[xi], 47 leaves
_c28 cm.
500 _aThesis (BS Environmental Science) -- Mariano Marcos State University-College of Agriculture, Food and Sustainable Development, Batac City
504 _aBibliography: leaf 30
942 _2ddc
_cTHEDIS
999 _c9797
_d9797